Statistics for Object's Characteristics

Click here to take the quiz!

General Stats

  • This quiz has been taken 9 times
  • The average score is 11 of 15

Answer Stats

CharacteristicsAnswers% Correct
Music - Strings - SixGuitar
100%
Chicken - Restaurant - RedKFC
100%
Sleep - Head - SoftPillow
100%
Tool - Cut - PairsScissors
100%
Body - Digest - EnzymesStomach
100%
Fly - DC - KryptonianSuperman
100%
Avengers - Lightning - HammerThor
100%
Capital - Sushi - FujiTokyo
100%
Birthday - Light - BlowCandles
88%
Math - Tool - ComputeCalculator
75%
Game - Blocks - DigMinecraft
50%
Sky - Travel - HHelicopter
38%
Family - Girl - BirthMother
38%
Wear - Feet - SoftShoes
25%
Fruit - Sweet - RedWatermelon
13%

Score Distribution

Percentile by Number Answered

Percent of People with Each Score

Your Score History

You have not taken this quiz